000 00856cam a2200289 4500
001 J3437
008 090401t1995 xxu||||| |||| 00| 0 eng d
035 _a(Sirsi) u55035
041 _aeng
050 _a692.8
100 _aBrown, Jeffrey C.
245 _aProlongation and disruption - problems of causation for the construction industry.
260 _aAscot
_bChartered Institute of Buildings
_c1995
300 _a8p. ; 30cm.
350 _a0
490 _aConstruction Papers
_v56
650 _aBUILT ENVIRONMENT-BUILDING CONTRACT FORMS
650 _aEXTENSIONS OF TIME
650 _aJCT 1980 CL25
650 _aJCT 1980 CL26
650 _aLOSS AND EXPENSE
650 _aROLLED-UP CLAIMS
690 _aBUILT ENVIRONMENT-BUILDING CONTRACT FORMS
710 _aChartered Institute of Building
_92134
942 _n0
948 _c04/03/1997
999 _c93542
_d93542